000 01335cam a2200385 a 4500
001 22033
003 VRT
005 20260318084538.0
008 240318s2014 xo g 000 f slo
015 _aSNBA2014/11
020 _a9788081640131
035 _a91BBB91C-0A12-4199-9C21-BF4E348D833E
035 _aurn:nbn:sk:snk-amjoj4
035 _aurn:nbn:sk:snk-am001ml4
039 9 _a202403181627
_bVLOAD
_c202009080828
_dAUTHORITY
_c201612221442
_dmbpksh04
_c201604291210
_dVLOAD
040 _aPOKPOH
_bslo
_cPOKPOH
_dSNK
_eAACR2
041 0 _aslo
044 _axo
_cSK
072 7 _a821.162.4-3
_xSlovenská próza
_2konspekt
080 _a821.162.4-31
_22001
100 1 _aÖlvecký, Noro,
_d1969-
_4aut
245 1 0 _aNa krídlach duše
_bskutočný príbeh
_cNoro Ölvecký
250 _a1. vyd.
260 _a[Bratislava]
_bMotýľ
_c2014
300 _a238 s.
_c21 cm
500 _aMiesto vydania podľa ISBN
655 7 _aslovenské romány
_2SNKPH
655 7 _aSlovak fiction
_2SNKPHeng
910 _abpksh
942 _2ddc
_cKLDO
_n0
949 _617A1118959
_asnkSC 161608
_bsnk2014/23955
_o2278/14
_s6100:20140925
949 _617A1118958
_asnkSC 161608 D1
_bsnk2014/23957
_o2278/14
949 _6270001000453541
_asvkbbA 141556
_bsvkbbm 744725
_pObsahuje venovanie autora
949 _63869A18283
_abpksh821.162.4-31
_bbpksh68781
999 _c22033
_d22033